Представление документа в формате RUSMARC

ПолеНазваниеЗначение
  Тип записи a
  Библиографический уровень m
001 Контрольный номер UONB/MAIN/3ed6e6a2dcdb446b98d55b88410c9eec
005 Дата корректировки 20250520131401.2
010 Индекс ISBN __
d Цена 10 к.
9 Тираж 4200 экз.
100 Данные общей обработки __
a Данные общей обработки 20241017 1965 u y0rusy0189## ca
101 Язык документа 0_
a Язык текста rus
102 Страна публикации __
a Страна публикации RU
105 Кодированные данные (монография) __
a Кодированные данные (монография) a z 001yy
200 Заглавие и сведения об ответственности 1_
a Заглавие Технология ультразвуковой сварки
f Первые сведения об ответственности Ю.В. Холопов
203 Вид содержания и тип средства __
a Вид содержания Текст
b Характеристика содержания визуальный
c Тип средства непосредственный
210 Выходные данные 1_
a Место издания Ленинград
c Издательство Б.и.
d Дата издания 1965
215 Физическое описание __
a Объем 27 с.
c Иллюстрации/тип воспроизводства ил.
d Формат 21 см
225 Серия 1_
a Серия Ленинградская организация общества "Знание" РСФСР
225 Серия 1_
a Серия Ленинградский дом научно-технической пропаганды
225 Серия 1_
a Серия Производственный опыт
225 Серия 1_
a Серия Электрофизические и электрохимические методы обработки металлов
320 Библиография __
a Библиография Библиогр. в конце кн.
606 Тематические рубрики 0_
a Основная рубрика Ультразвуковая сварка
610 Ключевые слова 0_
a Ключевые слова ультразвуковая сварка
675 Индекс УДК __
a Индекс УДК 6П4.329
686 Индексы других классификаций __
a Классификационный индекс 34
2 Код системы rubbk
700 Автор _1
a Фамилия Холопов
b Имя (инициалы) Ю.В.
g Полное личное имя Юрий Васильевич
801 Источник записи _0
a Страна RU
b Организация Ульяновская ОНБ
c Дата составления 20241017
g Правила каталогизации RCR
801 Источник записи _1
a Страна RU
b Организация Ульяновская ОНБ
c Дата составления 20241017
g Правила каталогизации RCR
901 Тип документа __
t Тип документа m
909 Создатель записи __
a Создатель записи Аверьянова
b Дата создания записи 20241017